| 000 | 00565nam a2200181Ia 4500 | ||
|---|---|---|---|
| 008 | 220216s9999 xx 000 0 und d | ||
| 100 | _aRamar P | ||
| 245 | 0 | _aStudies on comparison of electrical properties of nanoclay reinforced EPDM-g-TMEVS/PS and EPDM-g-TMEVS/PMMA blends | |
| 260 |
_bProgress in Rubber, Plastics and Recycling Technology _c2008 |
||
| 300 | _a121-140 | ||
| 650 | _aElectrical properties | ||
| 650 | _aEPDM-g-TMEVS | ||
| 650 | _aEPDM-g-TMEVS/PMMA | ||
| 650 | _aEPDM-g-TMEVS/PS | ||
| 650 | _aNanoclay | ||
| 700 | _aAlagar M | ||
| 942 | _cJS | ||
| 999 |
_c69562 _d69562 |
||